| 000 | 00465nam a22001697a 4500 | ||
|---|---|---|---|
| 005 | 20180813144327.0 | ||
| 008 | 160615b xxu||||| |||| 00| 0 eng d | ||
| 020 | _a81-7929-055-7 | ||
| 041 | _aeng | ||
| 082 |
_b7787 _a658.812 |
||
| 100 |
_aSteward, Chris _91923 |
||
| 245 | _aHow to Develop Strategic Alliance :for additional bussiness from mejor customers | ||
| 260 |
_bInfinity Book _c2003 _adelhi |
||
| 300 | _a192p, | ||
| 650 |
_aManagement _9241 |
||
| 942 | _cBK | ||
| 999 |
_c2796 _d2795 |
||